000 01666cam a2200409 a 4500
999 _c12588
_d12588
001 14949813
003 MAJU-Karachi
005 20201003131828.0
008 070801s2008 caua bf 001 0 eng
010 _a 2007031738
015 _aGBA788683
_2bnb
016 7 _a014235705
_2Uk
020 _a9781412949682 (alk. paper)
020 _a1412949688 (alk. paper)
035 _a(OCoLC)ocn163614067
035 _a(OCoLC)163614067
_z(OCoLC)145554795
040 _aDLC
_cDLC
_dYDX
_dBAKER
_dYDXCP
_dBTCTA
_dEZU
_dNLGGC
_dBWX
_dUKM
_dMUQ
_dDLC
050 0 0 _aBF131
_b.A15 2008
082 0 0 _a150
_222
084 _a77.00
_2bcl
100 _aBuskist, William F
245 0 0 _a21st century psychology :
_ba reference handbook /
_cedited by Stephen F. Davis, William Buskist.
246 3 _aTwenty first century psychology
260 _aLos Angeles :
_bSAGE Publications,
_cc2008.
300 _a2 v. :
_bill. ;
_c29 cm.
440 0 _a21st century reference series
504 _aIncludes bibliographical references and index.
650 0 _aPsychology
_vHandbooks, manuals, etc.
700 1 _aDavis, Stephen F.
700 1 _aBuskist, William.
856 4 1 _3Table of contents only
_uhttp://www.loc.gov/catdir/toc/ecip0724/2007031738.html
856 4 2 _3Contributor biographical information
_uhttp://www.loc.gov/catdir/enhancements/fy0828/2007031738-b.html
856 4 2 _3Publisher description
_uhttp://www.loc.gov/catdir/enhancements/fy0828/2007031738-d.html
906 _a7
_bcbc
_corignew
_d1
_eecip
_f20
_gy-gencatlg
942 _2ddc
_cPSYCHOLOGY